Introducción a la terapéutica vegetal
Αποθηκεύτηκε σε:
| Κύριοι συγγραφείς: | , , |
|---|---|
| Μορφή: | Βιβλίο |
| Γλώσσα: | Ισπανικά |
| Έκδοση: |
Buenos Aires
Hemisferio Sur
1974
|
| Σειρά: | Textos de Agronomía y Veterinaria, 8
|
| Θέματα: | |
| Ετικέτες: |
Προσθήκη ετικέτας
Δεν υπάρχουν, Καταχωρήστε ετικέτα πρώτοι!
|
MARC
| LEADER | 00000nam a2200000 a 4500 | ||
|---|---|---|---|
| 001 | UCR0084 | ||
| 003 | CL-VaPUC | ||
| 008 | 971129e19740000AG |||||||||||||||||spa|d | ||
| 082 | 0 | 4 | |a 632.9 |b COS |2 21 |
| 100 | 0 | |a Costa, J. J |e author |9 395514 | |
| 700 | 0 | |a Margheritis, A. E |e author |9 395515 | |
| 700 | 0 | |a Marsico, O. J |e author |9 395516 | |
| 245 | 1 | 0 | |a Introducción a la terapéutica vegetal |
| 300 | |a 533 p | ||
| 942 | |c BK | ||
| 945 | |d 19971129 00:00:00 |a rleighto | ||
| 260 | |a Buenos Aires |b Hemisferio Sur |c 1974 | ||
| 650 | 0 | |a Plagas agrícolas |9 264238 | |
| 650 | 7 | |a CONTROL FITOSANITARIO |2 CL-VaPUC |9 395517 | |
| 650 | 0 | |a Plaguicidas |9 259645 | |
| 650 | 7 | |a CONTROL DE INSECTOS |2 CL-VaPUC |9 269671 | |
| 650 | 7 | |a FISICOTERAPIA |2 CL-VaPUC |9 395518 | |
| 650 | 0 | |a Control de enfermedades |9 371520 | |
| 650 | 7 | |a FUNGICIDAS |2 CL-VaPUC |9 264584 | |
| 650 | 7 | |a TOXICOLOGIA |2 CL-VaPUC |9 306970 | |
| 650 | 7 | |a LEGISLACION |2 CL-VaPUC |9 395519 | |
| 583 | |a last modification |c 19971129 00:00:00 |k Rodrigo Vera | ||
| 490 | 0 | |a Textos de Agronomía y Veterinaria, 8 | |
| 999 | |c 263739 |d 263737 | ||